000 00495nam a2200145Ia 4500
005 20250424120332.0
008 250424s9999 xx 000 0 und d
022 _a00358533
050 _aAP 4. R68/
245 4 _aThe Round Table: The Commonwealth Journal of International Affairs
260 _c2020
300 _a495 p. :ill. ; 24cm.
650 _aGreat Britain--Politics and government--20th century--Periodicals. Commonwealth countries--Politics and government--Periodicals.
942 _cSR
999 _c38734
_d38734